| 000 | 01074nam a2200277 i 4500 | ||
|---|---|---|---|
| 001 | bg | ||
| 100 | 1 | _aKłos, Sławomir. | |
| 245 | 1 | 0 |
_aInnowacyjne rozwiązania w obszarze technologii informatycznych przedsiębiorstw sektora MSP / _cSławomir Kłos, Waldemar Woźniak, Justyna Patalas. |
| 260 |
_aZielona Góra : _bOficyna Wydawnicza Uniwersytetu Zielonogórskiego, _c2008. |
||
| 300 |
_a19 s. : _bwykr. ; _c24 cm. |
||
| 504 | _aBibliogr. s. 18-19. | ||
| 650 | 9 |
_aPrzedsiębiorstwa małe i średnie _xkomputeryzacja _zPolska _yod 2001 r. |
|
| 650 | 9 |
_aInnowacje _xstosowanie _xgospodarka _zPolska _yod 2001 r. |
|
| 650 | 9 |
_aSystemy informatyczne zarządzania _xstosowanie _xgospodarka |
|
| 651 | 9 |
_aLubuskie, województwo _xgospodarka _yod 2001 r. |
|
| 700 | 1 | _aWoźniak, Waldemar. | |
| 700 | 1 | _aPatalas, Sławomir. | |
| 020 | _a9788374811927 | ||
| 040 | _cBPK | ||
| 041 | _apol | ||
| 044 | _aPOL | ||
| 080 | _a005.342:004:658.114-022.51:658.114-022.55](438)"2001/..." | ||
| 920 | _a978-83-7481-192-7 | ||
| 942 | _cKS | ||
| 008 | 090817s2008 pl a f |000 0 pol | ||
| 999 |
_c56661 _d56661 |
||
| 856 |
_uhttp://koha.tu.koszalin.pl/cgi-bin/koha/opac-detail.pl?biblionumber=56661 _yKatalog online BPK |
||